Statistics for Complete the Card - TNA Bound for Glory 2013

Click here to take the quiz!

General Stats

  • This quiz has been taken 56 times
  • The average score is 19 of 25

Answer Stats

Answer% Correct
AJ Styles
98%
Bobby Roode
95%
Bully Ray
93%
James Storm
93%
Gail Kim
88%
Sting
88%
Jeff Hardy
86%
Kurt Angle
86%
Chris Sabin
84%
Austin Aries
81%
Eric Young
81%
Samoa Joe
81%
Christopher Daniels
77%
Ethan Carter III
77%
Magnus
77%
ODB
72%
Manik
70%
Jessie Godderz
65%
Kazarian
65%
Robbie E
65%
Gunner
63%
Hernandez
60%
Brooke
58%
Chavo Guerrero
56%
Joseph Park
53%

Score Distribution

Percentile by Number Answered

Percent of People with Each Score

Your Score History

You have not taken this quiz